00000000nam 2200000zi 4500
0019.929293
003CaOODSP
00520250122131055
006m     o  d f      
007cr |||||||||||
008231023t20242023quca    ob   f000 0 fre d
020 |a9780660684147
040 |aCaOODSP|bfre|erda|cCaOODSP
043 |an-cn---
0861 |aEn84-154/2024F-PDF
24500|aGuide d'estimation des émissions pour les producteurs d'aluminium primaire.
250 |a[Édition de 2024].
264 1|a[Gatineau, QC] : |bEnvironnement et Changement climatique Canada = Environment and Climate Change Canada, |c[2024]
264 4|c©2023
300 |a1 ressource en ligne (i, 24 pages) : |bgraphiques
336 |atexte|btxt|2rdacontent/fre
337 |ainformatique|bc|2rdamedia/fre
338 |aressource en ligne|bcr|2rdacarrier/fre
500 |aPublié aussi en anglais sous le titre : Emission estimate guide for primary aluminum producers.
504 |aComprend des références bibliographiques (page 24).
520 |a« Ce document ainsi que le tableur qui lui est associé ont pour objectif de clarifier les exigences de déclaration pour les alumineries du secteur primaire et de décrire les procédures et approches recommandées afin de pouvoir estimer les rejets des substances visées par l’inventaire national des rejets de polluants (INRP) »--page i.
650 6|aAluminium|xIndustrie|zCanada|xSous-produits.
650 6|aAir|xPollution|zCanada|xMesure.
650 6|aAir|xQualité|xGestion|zCanada.
650 6|aPollution|xMesure.
7101 |aCanada. |bEnvironnement et changement climatique Canada, |eorganisme de publication.
77508|tEmission estimate guide for primary aluminum producers.|w(CaOODSP)9.929291
795 |tGuide d'estimation des émissions pour les producteurs d'aluminium primaire.|b[Édition de 2020].|w(CaOODSP)9.887699
85640|qPDF|s1.88 Mo|uhttps://publications.gc.ca/collections/collection_2025/eccc/En84-154-2024-fra.pdf
8564 |qHTML|sS.O.|uhttps://www.canada.ca/fr/environnement-changement-climatique/services/inventaire-national-rejets-polluants/declaration/outils-calcul-emissions-secteur/guide-estimation-emissions-producteurs-aluminium-primaire.html
986 |aEC23064